New Headway. Advanced: Teacher's Book

Dades bibliogràfiques
Autor principal: Soars L. Liz
Altres autors: Soars J. John, Sayer M. Mike
Sumari:Headway is the course teachers and learners can rely Why? An authoritative integrated syllabus, motivating ics, and clearly focused tasks, combine with a real Jerstanding of what works in the classroom. It all makes effective teaching and effective learning.Tried and ested all over the world, it's probably the most popular irse ever written! In theTeacher's Book, full support for the teacher with any tricky questions. Hints and ideas for preparation and remedial work How to deal with likely problems and common errors Additional photocopiable materials, Stop and Check reviews, and Progress Tests.
Idioma:anglès
Publicat: New York, Oxford University Press, 2010
Matèries:
Format: Llibre
KOHA link:https://koha.lib.tpu.ru/cgi-bin/koha/opac-detail.pl?biblionumber=197226

MARC

LEADER 00000nam0a2200000 4500
001 197226
005 20231101224735.0
010 |a 9780194369312 
035 |a (RuTPU)RU\TPU\book\215129 
035 |a RU\TPU\book\214383 
090 |a 197226 
100 |a 20110607d2010 m y0engy50 ba 
101 0 |a eng 
102 |a US 
105 |a a j 000zy 
200 1 |a New Headway. Advanced  |e Teacher's Book  |f L. Soars, J. Soars, M. Stayer 
210 |a New York  |c Oxford University Press  |d 2010 
215 |a 159 p.  |c il. 
330 |a Headway is the course teachers and learners can rely Why? An authoritative integrated syllabus, motivating ics, and clearly focused tasks, combine with a real Jerstanding of what works in the classroom. It all makes effective teaching and effective learning.Tried and ested all over the world, it's probably the most popular irse ever written! In theTeacher's Book, full support for the teacher with any tricky questions. Hints and ideas for preparation and remedial work How to deal with likely problems and common errors Additional photocopiable materials, Stop and Check reviews, and Progress Tests. 
606 1 |a Английский язык  |x Учебные руководства и пособия  |x Учебные руководства и пособия для высшей школы  |2 stltpush  |3 (RuTPU)RU\TPU\subj\29071  |9 52483 
606 1 |a Английский язык  |x Учебные руководства и пособия  |x Методика преподавания  |2 stltpush  |3 (RuTPU)RU\TPU\subj\29080 
610 1 |a лексика 
610 1 |a грамматика 
610 1 |a разговорная речь 
610 1 |a упражнения 
610 1 |a обучение 
610 1 |a преподавание 
610 1 |a методика 
686 |a Ш143.21-923  |v LBC/SL-A  |2 rubbk 
686 |a Ш143.21-91  |v LBC/SL-A  |2 rubbk 
700 1 |a Soars  |b L.  |g Liz 
701 1 |a Soars  |b J.  |g John 
701 1 |a Sayer  |b M.  |g Mike 
801 1 |a RU  |b 63413507  |c 20110525 
801 2 |a RU  |b 63413507  |c 20170619  |g RCR 
942 |c BK